000 00345 a2200109 4500
001 ART_7331
005 20260410161720.0
008 260409a
245 1 0 _aLa Contabilidad y una fábrica de ladrillos
100 1 _aGarcía Casella, Carlos Luis
773 0 _tContabilidad y auditoría
_g- Año 12, Nº 23 (jun. 2006)
_wREV1723
999 _c16857
_d16857